| 000 | 00370nam a22001457a 4500 | ||
|---|---|---|---|
| 003 | OSt | ||
| 005 | 20140310182143.0 | ||
| 008 | 130829t xxu||||| |||| 00| 0 eng d | ||
| 050 |
_aAP 2 _b.R286 1983 |
||
| 082 |
_aHS 808.83 _bR22 1983 |
||
| 245 | _aReader's Digest. | ||
| 260 |
_aNew York : _bThe Reader's Digest Association, _cc1983. |
||
| 942 |
_2lcc _cHS |
||
| 999 |
_c9878 _d9878 |
||